[Event "Politiken Cup 34th"]
[Site "Helsingor"]
[Date "2012.08.01"]
[Round "6"]
[White "Lilja, Richard"]
[Black "Larsen, Ulrik Jejlskov"]
[Result "0-1"]
[WhiteElo "2136"]
[BlackElo "2010"]
[PlyCount "56"]
[EventDate "2012.07.28"]
[EventType "swiss"]
[EventRounds "10"]
[EventCountry "DEN"]
[SourceTitle "CBM 149 Extra"]
[Source "ChessBase"]
[SourceDate "2012.08.24"]
[SourceVersion "1"]
[SourceVersionDate "2012.08.24"]
[SourceQuality "1"]

1. e4 c5 2. Nc3 e6 3. g3 d5 4. exd5 exd5 5. d4 Nf6 6. Bg5 Be7 7. dxc5 d4 8. Bxf6 Bxf6 9. Ne4 0-0 10. Nxf6+ Qxf6 11. Qf3 Qe5+ 12. Qe2 Qxc5 13. Qc4 Re8+ 14. Kd2 Qa5+ 15. b4 Qg5+ 16. f4 Qe7 17. Kc1 Qe3+ 18. Kb2 Be6 19. Qd3 Bd5 20. Qxe3 Rxe3 21. Nh3 Bxh1 22. Bc4 Bc6 23. Rd1 Nd7 24. b5 Nb6 25. Bf1 Na4+ 26. Kc1 Bf3 27. Rxd4 Re1+ 28. Kd2 Rd1+ 0-1

[Event "Politiken Cup 34th"]
[Site "Helsingor"]
[Date "2012.07.30"]
[Round "4"]
[White "Grand, Hans Henrik"]
[Black "Larsen, Ulrik Jejlskov"]
[Result "1-0"]
[WhiteElo "2144"]
[BlackElo "2010"]
[PlyCount "73"]
[EventDate "2012.07.28"]
[EventType "swiss"]
[EventRounds "10"]
[EventCountry "DEN"]
[SourceTitle "CBM 149 Extra"]
[Source "ChessBase"]
[SourceDate "2012.08.24"]
[SourceVersion "1"]
[SourceVersionDate "2012.08.24"]
[SourceQuality "1"]

1. c4 g6 2. g3 Bg7 3. Bg2 d6 4. Nc3 e5 5. d3 Nc6 6. e4 Nf6 7. Nge2 Be6 8. Nd5 Qd7 9. Bg5 Ng4 10. h3 h6 11. Bd2 Nf6 12. Be3 0-0-0 13. Qd2 Ne8 14. 0-0-0 Kb8 15. Kb1 f5 16. exf5 gxf5 17. f4 e4 18. dxe4 fxe4 19. g4 h5 20. f5 Bxd5 21. cxd5 Ne5 22. Bd4 hxg4 23. hxg4 Rxh1 24. Rxh1 Nxg4 25. Qg5 Nef6 26. Bh3 Bh6 27. Qh4 Qxf5 28. Bxf6 e3+ 29. Ka1 Qxf6 30. Bxg4 Bg5 31. Qh3 Qe5 32. Qf3 Bf6 33. Nc3 Rg8 34. Rf1 Bh8 35. Be6 Re8 36. Qf7 Rd8 37. Qe7 1-0

[Event "Amager Aabne CC-ch"]
[Site "Amager"]
[Date "2012.03.27"]
[Round "7"]
[White "Larsen, Ulrik Jejlskov"]
[Black "Petersen, Steffen"]
[Result "1/2-1/2"]
[WhiteElo "1544"]
[BlackElo "1693"]
[PlyCount "37"]
[EventDate "2012.01.10"]
[EventType "swiss"]
[EventRounds "7"]
[EventCountry "DEN"]
[SourceTitle "EXT 2023"]
[Source "ChessBase"]
[SourceDate "2022.10.05"]
[SourceVersion "1"]
[SourceVersionDate "2022.10.05"]
[SourceQuality "1"]

1. c4 Nf6 2. g3 c6 3. Bg2 d5 4. cxd5 cxd5 5. Nc3 Bf5 6. d4 e6 7. Nf3 Bb4 8. Qa4+ Nc6 9. Ne5 Qb6 10. 0-0 0-0 11. Nxc6 bxc6 12. e3 Bxc3 13. bxc3 Qb5 14. Qxb5 cxb5 15. Ba3 Rfc8 16. Rfc1 Ne4 17. Bxe4 Bxe4 18. Bb4 Bd3 19. a3 1/2-1/2

[Event "Amager Aabne CC-ch"]
[Site "Amager"]
[Date "2012.01.10"]
[Round "1"]
[White "Larsen, Ulrik Jejlskov"]
[Black "Jensen, Thore Nyboe"]
[Result "1/2-1/2"]
[WhiteElo "1544"]
[BlackElo "1990"]
[PlyCount "91"]
[EventDate "2012.01.10"]
[EventType "swiss"]
[EventRounds "7"]
[EventCountry "DEN"]
[SourceTitle "EXT 2023"]
[Source "ChessBase"]
[SourceDate "2022.10.05"]
[SourceVersion "1"]
[SourceVersionDate "2022.10.05"]
[SourceQuality "1"]

1. d4 Nf6 2. Nf3 b6 3. e3 Bb7 4. Bd3 c5 5. Nbd2 Nc6 6. 0-0 e6 7. c3 cxd4 8. exd4 Be7 9. Qe2 Nd5 10. Ne4 Qc7 11. g3 h6 12. a3 f5 13. Ned2 Nf6 14. Re1 0-0-0 15. Ba6 g5 16. b4 Rhg8 17. Bxb7+ Kxb7 18. a4 g4 19. Ne5 Nxe5 20. dxe5 Nd5 21. a5 Nxc3 22. Qd3 d5 23. axb6 axb6 24. Bb2 d4 25. Bxc3 dxc3 26. Qa6+ Kc6 27. Rac1 Kd7 28. Nc4 Bg5 29. Rxc3 Ke7 30. Qxb6 Rc8 31. Qb5 Bd2 32. Rec1 Bxc3 33. Rxc3 Rgd8 34. Qa6 Rd4 35. Nd6 Rd1+ 36. Kg2 Qxc3 37. Nxc8+ Kf7 38. Qb7+ Kg6 39. Ne7+ Kg5 40. h4+ gxh3+ 41. Kxh3 Re1 42. f4+ Kh5 43. Qg2 Re3 44. Kh2 Kg4 45. Qh3+ Kf3 46. Qg2+ 1/2-1/2

[Event "Odense Fynsmesterskabet"]
[Site "Odense"]
[Date "2011.06.04"]
[Round "7"]
[White "Larsen, Ulrik Jejlskov"]
[Black "Preuss, Flemming"]
[Result "0-1"]
[WhiteElo "1755"]
[BlackElo "1991"]
[PlyCount "62"]
[EventDate "2011.06.01"]
[EventType "swiss"]
[EventRounds "9"]
[EventCountry "DEN"]
[SourceTitle "CBM 142 Extra"]
[Source "ChessBase"]
[SourceDate "2011.06.27"]
[SourceVersion "1"]
[SourceVersionDate "2011.06.27"]
[SourceQuality "1"]

1. e4 d6 2. d4 Nf6 3. Nc3 e5 4. Nf3 Nbd7 5. Bc4 Be7 6. 0-0 0-0 7. Re1 c6 8. Bb3 b5 9. a3 a6 10. h3 Qc7 11. Nh4 exd4 12. Nf5 Nc5 13. Nxe7+ Qxe7 14. Qxd4 Nxb3 15. cxb3 Be6 16. e5 dxe5 17. Qxe5 h6 18. Be3 Nd7 19. Qg3 Kh7 20. Ne4 f5 21. Nc3 Qf7 22. Qd6 Bxb3 23. Bd4 Rfe8 24. Qxc6 Rac8 25. Qxa6 Bc4 26. Qb7 f4 27. Nxb5 f3 28. Nd6 Qg6 29. Qxf3 Qxd6 30. Qc3 Bd5 31. Bxg7 Qg6 0-1

[Event "Amager CC-ch"]
[Site "Amager"]
[Date "2011.02.08"]
[Round "2"]
[White "Larsen, Ulrik Jejlskov"]
[Black "Brorsen, Jacob Abildlund"]
[Result "0-1"]
[WhiteElo "1517"]
[BlackElo "2055"]
[PlyCount "42"]
[EventDate "2011.01.25"]
[EventType "swiss"]
[EventRounds "7"]
[EventCountry "DEN"]
[SourceTitle "EXT 2023"]
[Source "ChessBase"]
[SourceDate "2022.10.05"]
[SourceVersion "1"]
[SourceVersionDate "2022.10.05"]
[SourceQuality "1"]

1. d4 Nf6 2. Nf3 d5 3. e3 c6 4. Bd3 e6 5. Nbd2 Nbd7 6. Qe2 Bd6 7. e4 dxe4 8. Nxe4 Nxe4 9. Qxe4 Nf6 10. Qh4 h6 11. Ne5 Bxe5 12. dxe5 Qa5+ 13. c3 Qxe5+ 14. Be3 Nd5 15. Qd4 Qxd4 16. Bxd4 0-0 17. 0-0 b6 18. Rfe1 Bb7 19. f3 Rad8 20. Re5 c5 21. Bf2 Nxc3 0-1

[Event "Amager-ch"]
[Site "Amager"]
[Date "2010.10.12"]
[Round "5"]
[White "Larsen, Ulrik Jejlskov"]
[Black "Varming, Thomas"]
[Result "0-1"]
[WhiteElo "1526"]
[BlackElo "1758"]
[PlyCount "26"]
[EventDate "2010.08.24"]
[EventType "swiss"]
[EventRounds "7"]
[EventCountry "DEN"]
[SourceTitle "EXT 2023"]
[Source "ChessBase"]
[SourceDate "2022.10.05"]
[SourceVersion "1"]
[SourceVersionDate "2022.10.05"]
[SourceQuality "1"]

1. d4 d5 2. e3 c6 3. Bd3 Nf6 4. Nd2 Bg4 5. Ngf3 Nbd7 6. 0-0 e5 7. dxe5 Nxe5 8. Be2 Qc7 9. Nxe5 Bxe2 10. Qxe2 Qxe5 11. e4 0-0-0 12. Re1 dxe4 13. Nxe4 Qxe4 0-1